Minecraft Villager Jobs - Statistics

General Stats
  • This quiz has been taken 26 times
  • The average score is 9 of 14
Answer Stats
Answer % Correct
Farmer
90%
Librarian
90%
Armorer
75%
Butcher
75%
Fletcher
75%
Fisherman
70%
Toolsmith
65%
Weaponsmith
65%
Mason
60%
Cartographer
55%
Cleric
50%
Leatherworker
50%
Shepherd
50%
Unemployed
35%
No matching quizzes found
Score Distribution
Percent of People with Each Score
Percentile by Number Answered
Your Score History
You have not taken this quiz